000
00442nam a2200169Ia 4500
008
090711s9999 xx 000 0 und d
082
_b
53326
100
_a
विशे भाऊ
245
_a
निर्वासित
260
_c
1986
300
_a
56
600
_a
विशे भाऊ
630
_a
निर्वासित
700
_a
विशे भाऊ
730
_a
निर्वासित
942
_c
BOOK
999
_c
290998
_d
290998